Name the Historic provinces of Korea Quiz Stats

 Plays Quiz not verified by Sporcle

Score 0/8 Timer 08:00
0 Plays Today
% Correct
Gangwon
83.3%
Gyeonggi
66.7%
Hwanghae
66.7%
Jeolla
66.7%
Pyongan
66.7%
Gyeongsang
58.3%
Chungcheong
50%
Hamgyong
41.7%

You're not logged in!

Compare scores with friends on all Sporcle quizzes.
OR
Log In

Show Comments

Extras

Created Feb 22, 2018ReportNominate
Tags:korea, North Korea, South Korea

Top Quizzes Today


Score Distribution

Your Account Isn't Verified!

In order to create a playlist on Sporcle, you need to verify the email address you used during registration. Go to your Sporcle Settings to finish the process.

Report this User

Report this user for behavior that violates our Community Guidelines.

Details: